000 00598nam a2200205Ii 4500
003 JO-AjNU
008 230606s9999||||xx |||||||||||||| ||und||
020 _a978-007-126967-4
040 _aJO-AjNU
_beng
_erda
_cJO-AjNU
041 _aeng
050 1 4 _aQA76.73.J38.D4265.2005
100 3 _aDean,Raymond,Dean,John,
_eauthor
_91041
245 0 0 _aIntroduction to Programming with Java
264 3 1 _aLondon:Mcgraw-hill.2005
300 _a816p
336 _atext
_btxt
_2rdacontent
337 _aunmediated
_bn
_2rdamedia
338 _avolume
_bnc
_2rdacarrier
650 4 _aProgramming with java
_91042
999 _aE547
_c547
_d547